Statistics for States Where You're Allowed to Have a Kangaroo

Click here to take the quiz!

General Stats

  • This quiz has been taken 41 times
  • The average score is 9 of 14

Answer Stats

Answer % Correct
Texas
94%
New Mexico
88%
Idaho
72%
Maine
72%
Nevada
69%
Washington
66%
South Carolina
63%
Ohio
63%
Illinois
53%
Pennsylvania
47%
New Jersey
47%
Wisconsin
44%
West Virginia
38%
Victoria
38%

Score Distribution

Percentile by Number Answered

Percent of People with Each Score

Your Score History

You have not taken this quiz